<?xml version="1.0" encoding="UTF-8"?><?xml-stylesheet type="text/xsl" href="static/style.xsl"?><OAI-PMH xmlns="http://www.openarchives.org/OAI/2.0/" xmlns:xsi="http://www.w3.org/2001/XMLSchema-instance" xsi:schemaLocation="http://www.openarchives.org/OAI/2.0/ http://www.openarchives.org/OAI/2.0/OAI-PMH.xsd"><responseDate>2026-04-27T22:09:31Z</responseDate><request verb="GetRecord" identifier="oai:uvadoc.uva.es:10324/35986" metadataPrefix="marc">https://uvadoc.uva.es/oai/request</request><GetRecord><record><header><identifier>oai:uvadoc.uva.es:10324/35986</identifier><datestamp>2025-03-26T19:10:02Z</datestamp><setSpec>com_10324_32197</setSpec><setSpec>com_10324_952</setSpec><setSpec>com_10324_894</setSpec><setSpec>col_10324_32199</setSpec></header><metadata><record xmlns="http://www.loc.gov/MARC21/slim" xmlns:doc="http://www.lyncode.com/xoai" xmlns:xsi="http://www.w3.org/2001/XMLSchema-instance" xmlns:dcterms="http://purl.org/dc/terms/" xsi:schemaLocation="http://www.loc.gov/MARC21/slim http://www.loc.gov/standards/marcxml/schema/MARC21slim.xsd">
<leader>00925njm 22002777a 4500</leader>
<datafield tag="042" ind1=" " ind2=" ">
<subfield code="a">dc</subfield>
</datafield>
<datafield tag="720" ind1=" " ind2=" ">
<subfield code="a">Moyano Fernández, Julio José</subfield>
<subfield code="e">author</subfield>
</datafield>
<datafield tag="260" ind1=" " ind2=" ">
<subfield code="c">2018</subfield>
</datafield>
<datafield tag="520" ind1=" " ind2=" ">
<subfield code="a">The purpose of this note is to give a brief overview on zeta functions of curve singularities and to provide some evidences on how these and global zeta functions associated to singular algebraic curves over perfect fields relate to each other</subfield>
</datafield>
<datafield tag="024" ind2=" " ind1="8">
<subfield code="a">Extended Abstracts February 2016-Trends in Mathematics, 2018, vol. 9. p. 75-82</subfield>
</datafield>
<datafield tag="024" ind2=" " ind1="8">
<subfield code="a">2509-7407</subfield>
</datafield>
<datafield tag="024" ind2=" " ind1="8">
<subfield code="a">http://uvadoc.uva.es/handle/10324/35986</subfield>
</datafield>
<datafield tag="024" ind2=" " ind1="8">
<subfield code="a">10.1007/978-3-030-00027-1_12</subfield>
</datafield>
<datafield tag="245" ind1="0" ind2="0">
<subfield code="a">The universal zeta function for curve singularities and its relation with global zeta functions</subfield>
</datafield>
</record></metadata></record></GetRecord></OAI-PMH>